ბათუმის შოთა რუსთაველის სახელმწიფო უნივერსიტეტის ბიბლიოთეკა

Технические нормы на нефтепродукты (ბიბ.ჩანაწერი № 46088)

000 -LEADER
fixed length control field 00632nam a2200205Ia 4500
001 - CONTROL NUMBER
control field 12918
003 - CONTROL NUMBER IDENTIFIER
control field GE_BSU
008 - FIXED-LENGTH DATA ELEMENTS--GENERAL INFORMATION
fixed length control field 181216s||||||||xx |||||||||||||| ||und||
040 ## - CATALOGING SOURCE
Transcribing agency GE_BSU
080 ## - UNIVERSAL DECIMAL CLASSIFICATION NUMBER
Universal Decimal Classification number 665.5(035)
245 ## - TITLE STATEMENT
Title Технические нормы на нефтепродукты
245 ## - TITLE STATEMENT
Remainder of title Справочная книга
245 ## - TITLE STATEMENT
Statement of responsibility, etc. Под.ред.Н.Г.Пучкова.Ред.Н.Г.Пучков
260 ## - PUBLICATION, DISTRIBUTION, ETC.
Place of publication, distribution, etc. Москва
260 ## - PUBLICATION, DISTRIBUTION, ETC.
Name of publisher, distributor, etc. Гостоптехиздат
260 ## - PUBLICATION, DISTRIBUTION, ETC.
Date of publication, distribution, etc. 1955
300 ## - PHYSICAL DESCRIPTION
Extent 400стр.20см.
653 ## - INDEX TERM--UNCONTROLLED
Uncontrolled term Технические нормы на нефтепродукты
942 ## - ADDED ENTRY ELEMENTS (KOHA)
Koha item type წიგნი
ეგზემპლარები
Withdrawn status Lost status Damaged status Not for loan Date acquired Barcode Date last seen Price effective from Koha item type
        2018-12-17 20924 2018-12-17 2018-12-17 წიგნი